<?xml version="1.0" encoding="UTF-8"?>
<record
    xmlns:xsi="http://www.w3.org/2001/XMLSchema-instance"
    xsi:schemaLocation="http://www.loc.gov/MARC21/slim http://www.loc.gov/standards/marcxml/schema/MARC21slim.xsd"
    xmlns="http://www.loc.gov/MARC21/slim">

  <leader>00414nam a2200121   4500</leader>
  <datafield tag="245" ind1=" " ind2=" ">
    <subfield code="a">Complete poetical works</subfield>
    <subfield code="c">by John Keats and Percy Bysshe Shelley ;w ith the explanatory notes of Shelley's Poems by Mrs. Shelly </subfield>
  </datafield>
  <datafield tag="100" ind1=" " ind2=" ">
    <subfield code="a">Keat, John </subfield>
  </datafield>
  <datafield tag="710" ind1=" " ind2=" ">
    <subfield code="a">Shelley, Percy Bysshe</subfield>
  </datafield>
  <datafield tag="260" ind1=" " ind2=" ">
    <subfield code="a">New York </subfield>
    <subfield code="b">Modern Library </subfield>
    <subfield code="c">[19..?]</subfield>
  </datafield>
  <datafield tag="300" ind1=" " ind2=" ">
    <subfield code="a">viii, 914p. 21cm.-</subfield>
  </datafield>
  <datafield tag="490" ind1=" " ind2=" ">
    <subfield code="a">Modern Libray giant</subfield>
  </datafield>
  <datafield tag="082" ind1=" " ind2=" ">
    <subfield code="a">821.7</subfield>
    <subfield code="b"> KEA</subfield>
  </datafield>
  <datafield tag="952" ind1=" " ind2=" ">
    <subfield code="0">0</subfield>
    <subfield code="1">0</subfield>
    <subfield code="4">0</subfield>
    <subfield code="7">0</subfield>
    <subfield code="8">ASC</subfield>
    <subfield code="a">NEHU</subfield>
    <subfield code="b">NEHU</subfield>
    <subfield code="d">2011-11-18</subfield>
    <subfield code="l">0</subfield>
    <subfield code="o">821.7  KEA</subfield>
    <subfield code="p">813</subfield>
    <subfield code="r">2011-11-18 00:00:00</subfield>
    <subfield code="w">2011-11-18</subfield>
    <subfield code="y">BK</subfield>
  </datafield>
  <datafield tag="952" ind1=" " ind2=" ">
    <subfield code="0">0</subfield>
    <subfield code="1">0</subfield>
    <subfield code="4">0</subfield>
    <subfield code="7">0</subfield>
    <subfield code="8">ENGL</subfield>
    <subfield code="a">NEHU</subfield>
    <subfield code="b">NEHU</subfield>
    <subfield code="d">2011-11-18</subfield>
    <subfield code="l">1</subfield>
    <subfield code="o">821.7  KEA</subfield>
    <subfield code="p">A2323</subfield>
    <subfield code="r">2017-06-14 00:00:00</subfield>
    <subfield code="s">2017-06-14</subfield>
    <subfield code="t">;1</subfield>
    <subfield code="w">2011-11-18</subfield>
    <subfield code="y">BK</subfield>
  </datafield>
  <datafield tag="999" ind1=" " ind2=" ">
    <subfield code="c">1711</subfield>
    <subfield code="d">1711</subfield>
  </datafield>
</record>
